[Event "Campeonato de Aragon por Equipos 2024 -"]
[Site "?"]
[Date "2024.02.03"]
[Round "2.22"]
[White "Lorente Melcon, Maximo"]
[Black "Atares Buisan, Sergio"]
[Result "1-0"]
[WhiteElo "2137"]
[BlackElo "1937"]
[PlyCount "137"]
[GameId "2166508115943572"]
[EventDate "2024.01.27"]
[WhiteTeam "MyInvestor Casablanca B"]
[BlackTeam "Marcos Frechin B"]

1. e4 c5 2. Nf3 Nc6 3. d4 cxd4 4. Nxd4 e5 5. Nb5 d6 6. N1c3 a6 7. Na3 Rb8 8. Nd5 Be6 9. c3 Bxd5 10. Qxd5 Nf6 11. Qd3 d5 12. exd5 e4 13. Qd1 Ne5 14. Nc4 Bd6 15. Be2 Nxc4 16. Bxc4 O-O 17. Bb3 Qc7 18. h3 Rbe8 19. Be3 Nd7 20. O-O f5 21. f4 exf3 22. Qxf3 Ne5 23. Qd1 Ng4 24. Bd4 Ne3 25. Bxe3 Rxe3 26. Rf3 Qb6 27. Kh1 Rfe8 28. Qd4 Re1+ 29. Rf1 Rxa1 30. Rxa1 Qd8 31. Bc2 Qg5 32. Qf2 Bg3 33. Qxf5 Qxf5 34. Bxf5 Re2 35. Rf1 g6 36. Be6+ Kg7 37. Rb1 Kf6 38. Bc8 Re7 39. Be6 Ke5 40. Rd1 Re8 41. Rf1 h5 42. Rf3 h4 43. Kg1 b5 44. Kf1 Re7 45. Ke2 Rc7 46. Kd3 Rc5 47. Re3+ Kf6 48. Re4 g5 49. b3 Be5 50. c4 bxc4+ 51. Rxc4 Rb5 52. Ke4 Bf4 53. Bd7 Rb7 54. Rc6+ Ke7 55. Bc8 Rb4+ 56. Kd3 a5 57. Ra6 Bc7 58. Be6 Rf4 59. Bg4 Rb4 60. Re6+ Kd8 61. d6 Bb6 62. Rg6 Ke8 63. d7+ Kd8 64. Rg8+ Ke7 65. Re8+ Kf7 66. d8=Q Bxd8 67. Rxd8 Rf4 68. Rd5 Rf2 69. Rf5+ 1-0

[Event "Campeonato de Aragon por Equipos 2024 -"]
[Site "?"]
[Date "2024.02.03"]
[Round "2.23"]
[White "Perez Tomas, Juan Manuel"]
[Black "Felipo Martinez, Marcos"]
[Result "1-0"]
[WhiteElo "1862"]
[BlackElo "2033"]
[PlyCount "79"]
[GameId "2166508116906133"]
[EventDate "2024.01.27"]
[WhiteTeam "Marcos Frechin B"]
[BlackTeam "MyInvestor Casablanca B"]

1. e4 e5 2. Bc4 Nf6 3. d3 Nc6 4. Nc3 Bc5 5. f4 d6 6. Nf3 Bg4 7. h3 Bxf3 8. Qxf3 Nd4 9. Qd1 g6 10. fxe5 Nh5 11. Qg4 dxe5 12. O-O f5 13. exf5 Ng3 14. Be3 Nde2+ 15. Nxe2 Bxe3+ 16. Kh2 Nxf1+ 17. Rxf1 Qg5 18. Qe4 O-O-O 19. Bd5 Rd6 20. Bxb7+ Kb8 21. Ba8 Rb6 22. f6 Bc5 23. Nc3 Rb4 24. Qd5 Bd6 25. Ne4 Qh4 26. g3 Qh5 27. g4 Qh6 28. Nxd6 Rd8 29. f7 Qf8 30. Qxe5 cxd6 31. Qc3 Rb6 32. Bd5 Rc8 33. Qd2 Rxb2 34. Bb3 d5 35. Qf4+ Rc7 36. Qe5 Rxb3 37. axb3 d4 38. Qb5+ Ka8 39. Qe8+ Rc8 40. Qxc8+ 1-0

[Event "Campeonato de Aragon por Equipos 2024 -"]
[Site "?"]
[Date "2024.02.03"]
[Round "2.24"]
[White "Miranda Herrera, Belen"]
[Black "Prats Fares, Nahuel"]
[Result "0-1"]
[WhiteElo "1823"]
[BlackElo "1763"]
[PlyCount "90"]
[GameId "2166508117041302"]
[EventDate "2024.01.27"]
[WhiteTeam "MyInvestor Casablanca B"]
[BlackTeam "Marcos Frechin B"]

1. e4 c5 2. Nf3 Nc6 3. d4 cxd4 4. Nxd4 e5 5. Nb5 d6 6. N1c3 a6 7. Na3 Be7 8. Nc4 b5 9. Ne3 Nf6 10. Bd3 O-O 11. O-O Nb4 12. a3 Nxd3 13. Qxd3 Be6 14. Ned5 Rc8 15. Bd2 Rc4 16. Nxe7+ Qxe7 17. Bg5 Rd4 18. Qf3 h6 19. Bxf6 Qxf6 20. Qxf6 gxf6 21. Rfd1 Rc8 22. Rac1 f5 23. exf5 Bxf5 24. Rxd4 exd4 25. Ne2 Rxc2 26. Rxc2 Bxc2 27. Nxd4 Bd3 28. f3 Kg7 29. Kf2 Kf6 30. Ke3 Bf1 31. g3 Ke5 32. h4 Kd5 33. Nf5 h5 34. Ng7 Kc4 35. Nxh5 Bd3 36. Nf4 Bh7 37. Kd2 a5 38. h5 Kb3 39. Nd3 Kc4 40. Nc1 b4 41. b3+ Kd4 42. axb4 axb4 43. Ne2+ Ke5 44. Ke3 Kf5 45. Kd4 Kg5 0-1

[Event "Campeonato de Aragon por Equipos 2024 -"]
[Site "?"]
[Date "2024.02.03"]
[Round "2.25"]
[White "Arrieta Restrepo, Steven"]
[Black "Lana Rodriguez, David"]
[Result "0-1"]
[WhiteElo "2079"]
[BlackElo "2382"]
[PlyCount "68"]
[GameId "2166508117098647"]
[EventDate "2024.01.27"]
[WhiteTeam "Monzon"]
[BlackTeam "Teruel"]

1. d4 Nf6 2. c4 e6 3. Nf3 d5 4. g3 h6 5. Bg2 Bd6 6. O-O O-O 7. b3 Nc6 8. Bb2 b6 9. Nbd2 Bb7 10. Ne5 Ne7 11. Nd3 Ne4 12. c5 bxc5 13. Nxe4 dxe4 14. Nxc5 Bxc5 15. dxc5 Qxd1 16. Rfxd1 Bd5 17. e3 a5 18. Be5 Ra7 19. Rdb1 Nc6 20. Bc3 Rb8 21. Bf1 f6 22. Bc4 Bxc4 23. bxc4 Rxb1+ 24. Rxb1 Kf7 25. Kg2 Ke7 26. f3 Nb4 27. fxe4 Nxa2 28. Bd2 Nb4 29. Ra1 Nc6 30. Ra4 Kd7 31. Bc3 e5 32. Kf3 Rb7 33. Ra3 Ra7 34. Ra4 Nd8 0-1

[Event "Campeonato de Aragon por Equipos 2024 -"]
[Site "?"]
[Date "2024.02.03"]
[Round "2.26"]
[White "Dominguez Bujeda, Jesus"]
[Black "Barranco Mananet, Fernando"]
[Result "0-1"]
[WhiteElo "2062"]
[BlackElo "2013"]
[PlyCount "72"]
[GameId "2166508117139608"]
[EventDate "2024.01.27"]
[WhiteTeam "Teruel"]
[BlackTeam "Monzon"]

1. c4 Nf6 2. Nc3 e6 3. e4 d5 4. e5 Ne4 5. Nxe4 dxe4 6. Qg4 Qd4 7. Nf3 Qb6 8. Qxe4 c5 9. Be2 Bd7 10. O-O Bc6 11. Qf4 Be7 12. b3 Nd7 13. Bb2 O-O 14. Ng5 Qc7 15. Bd3 h6 16. Ne4 Rad8 17. Rae1 f5 18. Nd6 Nxe5 19. Qxe5 Bxd6 20. Qxe6+ Kh8 21. Qxh6+ Kg8 22. Qe6+ Qf7 23. Bxf5 Qxe6 24. Bxe6+ Kh7 25. Bc3 Bf4 26. Re2 Rd6 27. Rfe1 Rfd8 28. Bf5+ g6 29. Re7+ Kh6 30. Bc2 Bxd2 31. Bg7+ Kh5 32. R1e5+ g5 33. g4+ Kh4 34. Be4 Bc3 35. Kg2 Bxe5 36. Bxc6 Bxg7 0-1

[Event "Campeonato de Aragon por Equipos 2024 -"]
[Site "?"]
[Date "2024.02.03"]
[Round "2.27"]
[White "Hidalgo Gracia, Andres"]
[Black "Martin Catalan, Juan Vicente"]
[Result "1-0"]
[WhiteElo "1835"]
[BlackElo "1914"]
[PlyCount "56"]
[GameId "2166508117229721"]
[EventDate "2024.01.27"]
[WhiteTeam "Monzon"]
[BlackTeam "Teruel"]

1. Nf3 Nf6 2. c4 e6 3. Nc3 b6 4. g3 Bb7 5. Bg2 Bb4 6. Qc2 Nc6 7. O-O O-O 8. d4 h6 9. Bf4 Rc8 10. Rfd1 d5 11. cxd5 Nxd5 12. Nxd5 Qxd5 13. a3 Be7 14. Rac1 g5 15. Ne1 Qd7 16. Bxc6 Bxc6 17. Qxc6 Qxc6 18. Rxc6 gxf4 19. gxf4 Rfd8 20. e3 Rd6 21. Rdc1 Rxc6 22. Rxc6 Kf8 23. Nd3 Bd6 24. Ne5 Ke7 25. Nc4 Kd7 26. Nxd6 Rg8+ 27. Kf1 Kxc6 28. Nxf7 Kd5 1-0

[Event "Campeonato de Aragon por Equipos 2024 -"]
[Site "?"]
[Date "2024.02.03"]
[Round "2.28"]
[White "Gil Pineiro, David"]
[Black "Buil Solana, Mario"]
[Result "1/2-1/2"]
[WhiteElo "1900"]
[BlackElo "1855"]
[PlyCount "33"]
[GameId "2166508117270682"]
[EventDate "2024.01.27"]
[WhiteTeam "Teruel"]
[BlackTeam "Monzon"]

1. d4 d5 2. Bf4 Nf6 3. e3 e6 4. Nf3 Bd6 5. Bg3 c5 6. c3 Qc7 7. Nbd2 Nbd7 8. Bd3 O-O 9. O-O Bxg3 10. hxg3 e5 11. e4 dxe4 12. Nxe4 Nxe4 13. Bxe4 Nf6 14. Qc2 cxd4 15. cxd4 Qxc2 16. Bxc2 exd4 17. Nxd4 1/2-1/2

[Event "Campeonato de Aragon por Equipos 2024 -"]
[Site "?"]
[Date "2024.02.03"]
[Round "2.29"]
[White "Laliena Solanes, Luis"]
[Black "Ramon Perez, Jose Luis"]
[Result "0-1"]
[WhiteElo "2159"]
[BlackElo "2189"]
[PlyCount "126"]
[GameId "2166508117311643"]
[EventDate "2024.01.27"]
[WhiteTeam "ONCE C. A. Aragon"]
[BlackTeam "Fraga"]

1. d4 e6 2. e4 d5 3. exd5 exd5 4. Bf4 Bd6 5. Qd2 Nf6 6. Nc3 O-O 7. O-O-O Ne4 8. Nxe4 dxe4 9. f3 exf3 10. Nxf3 Bf5 11. Ne5 Nc6 12. Nxc6 bxc6 13. Bc4 Qd7 14. Rde1 Rad8 15. Rhf1 Bg6 16. Bd3 Bxf4 17. Rxf4 Qd5 18. c4 Qd6 19. Bxg6 hxg6 20. h4 c5 21. d5 c6 22. Rd1 cxd5 23. cxd5 Rfe8 24. Rf3 Re4 25. Qf2 Rde8 26. Rc3 c4 27. Rc2 R8e5 28. Qxa7 Rxh4 29. Qa8+ Kh7 30. Qc6 Qxc6 31. dxc6 Rc5 32. Rd7 Rxc6 33. Rxf7 Rf6 34. Rf2 Ra6 35. a3 g5 36. Rc7 Rd6 37. Kc2 Rg4 38. Kc3 Rd3+ 39. Kc2 Rdg3 40. a4 Rxg2 41. Rxg2 Rxg2+ 42. Kc3 Rg1 43. Rxc4 g4 44. Kd3 Kh6 45. Ke3 Kh5 46. Kf2 Rb1 47. Rb4 Kh4 48. Kg2 Rc1 49. Rf4 g5 50. Rf8 g3 51. Rb8 Rc2+ 52. Kg1 Kh3 53. Rh8+ Kg4 54. Rb8 Rc4 55. a5 Ra4 56. Rb5 Kh3 57. Rf5 Ra1+ 58. Rf1 Rxa5 59. Rc1 Ra2 60. Rb1 g4 61. b4 Rg2+ 62. Kh1 Rh2+ 63. Kg1 g2 0-1

[Event "Campeonato de Aragon por Equipos 2024 -"]
[Site "?"]
[Date "2024.02.03"]
[Round "2.30"]
[White "Vallverdu Miret, Oscar"]
[Black "Gavin Roche, Enrique"]
[Result "1/2-1/2"]
[WhiteElo "2084"]
[BlackElo "2164"]
[PlyCount "57"]
[GameId "2166508117348508"]
[EventDate "2024.01.27"]
[WhiteTeam "Fraga"]
[BlackTeam "ONCE C. A. Aragon"]

1. d4 d5 2. Bf4 Nf6 3. Nf3 e6 4. e3 c5 5. c3 Nc6 6. Nbd2 Bd6 7. Bg3 O-O 8. Ne5 Qc7 9. f4 b6 10. Bd3 Bb7 11. O-O Nd7 12. Rc1 f6 13. Qh5 f5 14. Bh4 Nf6 15. Bxf6 gxf6 16. Nef3 cxd4 17. Nxd4 Nxd4 18. cxd4 Qf7 19. Qxf7+ Kxf7 20. Nb3 Rac8 21. Kf2 h6 22. Rxc8 Rxc8 23. Rc1 Rg8 24. Nd2 Ke7 25. Nf3 Kd7 26. Bb5+ Ke7 27. Bd3 Kd7 28. Bb5+ Ke7 29. Bd3 1/2-1/2

[Event "Campeonato de Aragon por Equipos 2024 -"]
[Site "?"]
[Date "2024.02.03"]
[Round "2.31"]
[White "Sanz Lopez, Ruben"]
[Black "Aribau Rivas, Miguel Angel"]
[Result "0-1"]
[WhiteElo "1789"]
[BlackElo "2029"]
[PlyCount "130"]
[GameId "2166508117385373"]
[EventDate "2024.01.27"]
[WhiteTeam "ONCE C. A. Aragon"]
[BlackTeam "Fraga"]

1. d4 Nf6 2. Nf3 d5 3. e3 Bf5 4. c4 c6 5. Qb3 Qb6 6. c5 Qc7 7. Nc3 Nbd7 8. Nh4 Bg6 9. Nxg6 hxg6 10. f4 e6 11. Qc2 b6 12. cxb6 Qxb6 13. Bd2 Rc8 14. Rc1 Be7 15. b4 Bxb4 16. Rb1 Qa5 17. Bd3 c5 18. Nb5 Ke7 19. Rxb4 cxb4 20. Qb3 Rc3 21. Nxc3 bxc3 22. Bxc3 Qb6 23. Bb4+ Kd8 24. Qc3 Qc7 25. Be7+ Kc8 26. Qa3 Nb6 27. Ke2 Nc4 28. Bxc4 dxc4 29. Rc1 Kd7 30. h3 Nd5 31. Bc5 c3 32. Qa4+ Kd8 33. Qxa7 Qxa7 34. Bxa7 Kd7 35. Bc5 Rb8 36. Rc2 Rb2 37. Kd3 Rxc2 38. Kxc2 Nxe3+ 39. Kxc3 Nxg2 40. Bf8 Nxf4 41. Bxg7 Nxh3 42. Kd2 Nf4 43. Ke3 Nd5+ 44. Kf3 Kc6 45. a3 f5 46. Kg3 g5 47. Bh6 g4 48. Bg7 Kb5 49. Kf2 Ka4 50. Bf8 f4 51. Bd6 Kb5 52. Kg2 Kc4 53. Be5 Kd3 54. Kf2 Ke4 55. a4 g3+ 56. Kg1 Kf3 57. a5 Nb4 58. Bd6 Na6 59. Be5 Kg4 60. Bd6 f3 61. Be7 Kh3 62. Bf6 f2+ 63. Kf1 g2+ 64. Kxf2 Kh2 65. Be5+ Kh1 0-1

[Event "Campeonato de Aragon por Equipos 2024 -"]
[Site "?"]
[Date "2024.02.03"]
[Round "2.32"]
[White "Casas Chine, German"]
[Black "Carilla Garcia, Angel"]
[Result "1-0"]
[WhiteElo "1818"]
[BlackElo "1660"]
[PlyCount "59"]
[GameId "2166508117442718"]
[EventDate "2024.01.27"]
[WhiteTeam "Fraga"]
[BlackTeam "ONCE C. A. Aragon"]

1. e4 e6 2. d4 d5 3. e5 c5 4. c3 Nc6 5. Nf3 Qb6 6. a3 Bd7 7. b4 cxd4 8. cxd4 a6 9. Be2 f5 10. O-O Nge7 11. Nc3 Ng6 12. Bg5 Be7 13. Bxe7 Ncxe7 14. Na4 Qd8 15. Nc5 Qb6 16. g3 Nc6 17. Rc1 Rc8 18. Ng5 Nb8 19. Bh5 Ke7 20. Qd2 f4 21. Bxg6 hxg6 22. Qxf4 Rcf8 23. Qg4 Rf5 24. Nf3 Be8 25. Nh4 Rfh5 26. Nxg6+ Bxg6 27. Qxg6 Rxh2 28. Qxg7+ Ke8 29. Nxb7 Nc6 30. Nd6+ 1-0

[Event "Preferente Aragonesa 2024 - Grupo I"]
[Site "?"]
[Date "2024.02.03"]
[Round "2.33"]
[White "Gutierrez Mingueza, Ruben"]
[Black "Bonet Herbera, Isabel"]
[Result "1/2-1/2"]
[WhiteElo "2003"]
[BlackElo "1780"]
[PlyCount "69"]
[GameId "2166508117594271"]
[EventDate "2024.01.27"]
[WhiteTeam "San Jose"]
[BlackTeam "Binefar"]

1. d4 d5 2. c4 e6 3. Nf3 Nf6 4. g3 Be7 5. Bg2 O-O 6. O-O dxc4 7. Qc2 a6 8. a4 Bd7 9. Qxc4 Bc6 10. Qd3 Be4 11. Qd1 Nc6 12. Nc3 Bg6 13. Bg5 h6 14. Bxf6 Bxf6 15. e3 Qd7 16. Nd2 Rad8 17. Nce4 Be7 18. Nc4 Rfe8 19. Qb3 Rb8 20. Rfc1 Bxe4 21. Bxe4 Bf6 22. Rd1 Qe7 23. Rac1 Nb4 24. Bb1 Rbd8 25. f4 c5 26. Ne5 cxd4 27. exd4 Rc8 28. Rxc8 Rxc8 29. Qf3 Rd8 30. Qe4 g6 31. h4 Bxe5 32. fxe5 h5 33. Qf4 Kg7 34. Be4 Rd7 35. Kh2 1/2-1/2

[Event "Preferente Aragonesa 2024 - Grupo I"]
[Site "?"]
[Date "2024.02.03"]
[Round "2.34"]
[White "Ballarin Corvinos, Jorge"]
[Black "Palomar Ramon, Santiago"]
[Result "0-1"]
[WhiteElo "1770"]
[BlackElo "1879"]
[PlyCount "102"]
[GameId "2166508117639328"]
[EventDate "2024.01.27"]
[WhiteTeam "Binefar"]
[BlackTeam "San Jose"]

1. e4 e5 2. Nf3 Nc6 3. Bc4 Nf6 4. Ng5 d5 5. exd5 Na5 6. Bb5+ c6 7. dxc6 bxc6 8. Be2 h6 9. Nf3 e4 10. Ne5 Bc5 11. O-O O-O 12. d3 Re8 13. Ng4 Nxg4 14. Bxg4 exd3 15. Bxc8 Rxc8 16. cxd3 Rc7 17. Qg4 Qf6 18. Bd2 Nb7 19. Bc3 Qg6 20. Qxg6 fxg6 21. d4 Bb6 22. Nd2 Nd6 23. Nf3 Nb5 24. a4 Nxc3 25. bxc3 Ba5 26. Rfc1 c5 27. Ne5 cxd4 28. cxd4 Rxc1+ 29. Rxc1 Kh7 30. f3 Bd2 31. Rd1 Be3+ 32. Kf1 Bxd4 33. Nxg6 Bc3 34. Nf4 a5 35. Nd5 Bb2 36. Rb1 Rd8 37. Rxb2 Rxd5 38. Rb5 Rxb5 39. axb5 a4 40. b6 a3 41. b7 a2 42. b8=Q a1=Q+ 43. Kf2 Qd4+ 44. Kg3 Qe3 45. Qb4 Qe5+ 46. Qf4 Qe1+ 47. Kh3 Qe6+ 48. g4 Qa6 49. Qg3 Qf1+ 50. Kh4 g5+ 51. Kh5 Qc4 0-1

[Event "Preferente Aragonesa 2024 - Grupo I"]
[Site "?"]
[Date "2024.02.03"]
[Round "2.35"]
[White "Ferreruela Romero, Jose Joaquin"]
[Black "Perales Boal, Ivan"]
[Result "1/2-1/2"]
[WhiteElo "1859"]
[BlackElo "1631"]
[PlyCount "74"]
[GameId "2166508117676193"]
[EventDate "2024.01.27"]
[WhiteTeam "San Jose"]
[BlackTeam "Binefar"]

1. e4 e6 2. Qe2 c5 3. b3 Nc6 4. Bb2 Nf6 5. e5 Nd5 6. Nf3 Be7 7. g3 O-O 8. Bg2 Qc7 9. O-O a6 10. c4 Nb6 11. Nc3 Rd8 12. Ne4 d5 13. exd6 Bxd6 14. d4 Nd7 15. Nxd6 Qxd6 16. dxc5 Qxc5 17. Rad1 Re8 18. Rd2 Qe7 19. Rfd1 Rb8 20. Rd6 e5 21. Qd2 Nd4 22. Rd5 Nxf3+ 23. Bxf3 e4 24. Bg2 Nf6 25. Re5 Be6 26. h3 Red8 27. Qe1 Rxd1 28. Qxd1 Rd8 29. Qc1 Qd7 30. Rg5 Qd1+ 31. Qxd1 Rxd1+ 32. Kh2 Kf8 33. Ba3+ Ke8 34. Rxg7 Rd2 35. Bc5 Kd7 36. Be3 Rc2 37. g4 h6 1/2-1/2

[Event "Preferente Aragonesa 2024 - Grupo I"]
[Site "?"]
[Date "2024.02.03"]
[Round "2.36"]
[White "Quintilla Alonso, Nicolas"]
[Black "Tarela Perez, Jose Gerardo"]
[Result "0-1"]
[WhiteElo "1569"]
[BlackElo "1688"]
[PlyCount "76"]
[GameId "2166508117790882"]
[EventDate "2024.01.27"]
[WhiteTeam "Binefar"]
[BlackTeam "San Jose"]

1. e4 c5 2. Nf3 d6 3. d4 cxd4 4. Nxd4 Nf6 5. Nc3 a6 6. Bc4 e6 7. Bb3 Be7 8. O-O O-O 9. Be3 Qc7 10. f4 b5 11. f5 e5 12. Nde2 Bb7 13. Ng3 Nbd7 14. Qf3 b4 15. Nd5 Nxd5 16. exd5 a5 17. a4 Ba6 18. Rfd1 Nc5 19. Ne4 Nxe4 20. Qxe4 Rfc8 21. Rdc1 Bc4 22. Bxc4 Qxc4 23. Qxc4 Rxc4 24. c3 bxc3 25. bxc3 Rac8 26. Bb6 Bd8 27. Bxd8 Rxd8 28. Rcb1 Rxc3 29. Rb5 Rc5 30. Rbb1 Kf8 31. Kf2 Rdc8 32. Ke3 Ke7 33. h3 h5 34. Kf3 h4 35. Re1 Kf6 36. Re4 Rc3+ 37. Kg4 Rg3+ 38. Kxh4 Rxg2 0-1

[Event "Preferente Aragonesa 2024 - Grupo I"]
[Site "?"]
[Date "2024.02.03"]
[Round "2.37"]
[White "Munoz Valles, Jorge"]
[Black "Avellanas Pau, Miguel Angel"]
[Result "1-0"]
[WhiteElo "2001"]
[BlackElo "1831"]
[PlyCount "75"]
[GameId "2166508117844131"]
[EventDate "2024.01.27"]
[WhiteTeam "El Olivar C"]
[BlackTeam "Enroque de Barbastro"]

1. d4 d5 2. c4 e6 3. Nc3 Nf6 4. cxd5 exd5 5. Bg5 Be7 6. e3 h6 7. Bh4 O-O 8. Qc2 c6 9. Bd3 Re8 10. Nf3 Nbd7 11. O-O a5 12. a3 Ne4 13. Bxe7 Qxe7 14. Rab1 Ng5 15. Nd2 Nf6 16. b4 Ng4 17. Bf5 axb4 18. Bxc8 Rexc8 19. axb4 Qd6 20. g3 Qf6 21. Kg2 h5 22. h3 Nh6 23. h4 Ne6 24. Nf3 Nf5 25. b5 cxb5 26. Qb3 Nc7 27. Nxd5 Qd6 28. Nf4 Ra3 29. Qc2 g6 30. Rxb5 Rxe3 31. Rxf5 Rxf3 32. Kxf3 gxf5 33. Qxf5 Ne6 34. Nxe6 Qxe6 35. Qxe6 fxe6 36. Rb1 Rc7 37. Rb5 Rh7 38. Ke4 1-0

[Event "Preferente Aragonesa 2024 - Grupo I"]
[Site "?"]
[Date "2024.02.03"]
[Round "2.38"]
[White "Santorroman Jovellar, Javier"]
[Black "De La Riva Fernandez, Eduardo"]
[Result "0-1"]
[WhiteElo "1696"]
[BlackElo "1743"]
[PlyCount "68"]
[GameId "2166508117889188"]
[EventDate "2024.01.27"]
[WhiteTeam "Enroque de Barbastro"]
[BlackTeam "El Olivar C"]

1. e4 e6 2. d4 d5 3. Bd3 dxe4 4. Bxe4 Nf6 5. Bf3 c5 6. Ne2 Nc6 7. Be3 cxd4 8. Nxd4 Ne5 9. Nc3 Bb4 10. Ndb5 Bxc3+ 11. bxc3 Qa5 12. Nd6+ Ke7 13. Nxb7 Bxb7 14. Bxb7 Rhd8 15. Bxa8 Rxd1+ 16. Rxd1 Qxc3+ 17. Bd2 Qc8 18. Bb4+ Ke8 19. Ba5 Qxa8 20. Rd8+ Qxd8 21. Bxd8 Kxd8 22. Ke2 Nd5 23. f3 Kc7 24. Kd2 g6 25. Re1 Nc6 26. a3 Na5 27. Re4 Nb6 28. Kc3 Nc6 29. h4 Nd5+ 30. Kb2 Kd6 31. g3 f5 32. Ra4 a5 33. h5 gxh5 34. Kb3 Nb6 0-1

[Event "Preferente Aragonesa 2024 - Grupo I"]
[Site "?"]
[Date "2024.02.03"]
[Round "2.39"]
[White "Machin Torcal, Eduardo"]
[Black "Rubiella Moreno, Oscar"]
[Result "0-1"]
[WhiteElo "1636"]
[BlackElo "1691"]
[PlyCount "76"]
[GameId "2166508117934245"]
[EventDate "2024.01.27"]
[WhiteTeam "El Olivar C"]
[BlackTeam "Enroque de Barbastro"]

1. e4 c5 2. Nf3 Nc6 3. d4 cxd4 4. Nxd4 g6 5. g3 Bg7 6. c3 Nf6 7. Bg2 O-O 8. O-O d6 9. Qc2 Bd7 10. Na3 Rc8 11. Nxc6 Bxc6 12. Nb1 b5 13. f3 a5 14. Qf2 Qc7 15. Be3 Qb7 16. Nd2 a4 17. a3 h5 18. Rac1 Nd7 19. Bd4 Ne5 20. Bxe5 dxe5 21. Rfd1 Bh6 22. Rb1 Rfd8 23. Nf1 e6 24. Qe2 Bf8 25. Kf2 Bc5+ 26. Ke1 Kg7 27. Rxd8 Rxd8 28. Rd1 Rh8 29. Kd2 b4 30. axb4 Bb5 31. Qe1 Be7 32. Kc2 Qa6 33. Ne3 h4 34. g4 Bc4 35. Nxc4 Qxc4 36. Bf1 Qb3+ 37. Kc1 a3 38. bxa3 Bg5+ 0-1

[Event "Preferente Aragonesa 2024 - Grupo I"]
[Site "?"]
[Date "2024.02.03"]
[Round "2.40"]
[White "Rodriguez Avellanas, Jose Manuel"]
[Black "Marco Garcia, Francho"]
[Result "1/2-1/2"]
[WhiteElo "1598"]
[BlackElo "1631"]
[PlyCount "78"]
[GameId "2166508117979302"]
[EventDate "2024.01.27"]
[WhiteTeam "Enroque de Barbastro"]
[BlackTeam "El Olivar C"]

1. c4 c6 2. Nc3 d5 3. cxd5 cxd5 4. d4 Nf6 5. Nf3 Bf5 6. e3 e6 7. Be2 Bd6 8. O-O Qb6 9. Nh4 Bg6 10. f4 Ne4 11. Nxg6 Nxc3 12. bxc3 hxg6 13. Bd2 Nd7 14. c4 dxc4 15. Bxc4 Rc8 16. Bd3 Qd8 17. Rf3 g5 18. h3 gxf4 19. exf4 Qf6 20. Be3 Nb6 21. Rc1 O-O 22. Rf1 Nd5 23. Rxc8 Rxc8 24. Qe2 Bb4 25. Qf2 Rc3 26. Rd1 Ra3 27. Bc1 Ra4 28. f5 Bc3 29. Be4 Ra5 30. Bxd5 exd5 31. Be3 b5 32. g4 g6 33. Qf4 a6 34. Qb8+ Kh7 35. fxg6+ Qxg6 36. Qe5 Qe6 37. Qh5+ Kg8 38. Qg5+ Kh7 39. Qh5+ Kg8 1/2-1/2

[Event "Preferente Aragonesa 2024 - Grupo I"]
[Site "?"]
[Date "2024.02.03"]
[Round "2.41"]
[White "Pellicer Cerezuela, Miguel"]
[Black "Colom Sienes, Eduardo"]
[Result "1/2-1/2"]
[WhiteElo "2059"]
[BlackElo "2070"]
[PlyCount "67"]
[GameId "2166508118032551"]
[EventDate "2024.01.27"]
[WhiteTeam "L'Aurora Estadilla"]
[BlackTeam "Palacio De Pioneros B"]

1. d4 Nf6 2. Nf3 g6 3. e3 Bg7 4. Bd3 d6 5. O-O O-O 6. Nbd2 Nc6 7. b3 e5 8. Bb2 Qe7 9. dxe5 dxe5 10. e4 Rd8 11. Qe2 Nh5 12. g3 Bg4 13. Qe3 a6 14. Rfc1 Rd7 15. Bf1 f5 16. exf5 gxf5 17. Ng5 h6 18. Bc4+ Kh8 19. h3 Qxg5 20. Qxg5 hxg5 21. hxg4 Rxd2 22. gxh5 Rad8 23. Bc3 R2d6 24. Re1 Nd4 25. Bxd4 Rxd4 26. Be6 f4 27. g4 Rd2 28. Rac1 R8d4 29. Bf5 b6 30. Kf1 a5 31. Re2 Rxe2 32. Kxe2 Bf8 33. Rd1 Rxd1 34. Kxd1 1/2-1/2

[Event "Preferente Aragonesa 2024 - Grupo I"]
[Site "?"]
[Date "2024.02.03"]
[Round "2.42"]
[White "Gomez Salinas, Nestor"]
[Black "Cid Royo, Oscar"]
[Result "0-1"]
[WhiteElo "2014"]
[BlackElo "1993"]
[PlyCount "134"]
[GameId "2166508118069416"]
[EventDate "2024.01.27"]
[WhiteTeam "Palacio De Pioneros B"]
[BlackTeam "L'Aurora Estadilla"]

1. e4 c6 2. Nc3 d5 3. Nf3 dxe4 4. Nxe4 Nf6 5. Ng3 g6 6. Bc4 Bg7 7. d4 O-O 8. h3 c5 9. O-O cxd4 10. Nxd4 Nc6 11. Nxc6 bxc6 12. Qxd8 Rxd8 13. Re1 Nd5 14. Bxd5 Rxd5 15. Rb1 Be6 16. c4 Ra5 17. a3 Bxc4 18. Rxe7 Bd3 19. Ra1 Re5 20. Rxe5 Bxe5 21. a4 c5 22. Ra3 c4 23. Nf1 Rb8 24. Ne3 Bxb2 25. Bxb2 Rxb2 26. a5 Kf8 27. g3 Ke8 28. Kg2 Rb3 29. Ra1 Kd7 30. Rc1 Rb4 31. Kf3 Kc6 32. Ng4 Kb5 33. Ke3 Rb2 34. Ne5 Re2+ 35. Kd4 Rxf2 36. Nxc4 Bxc4 37. Rb1+ Kxa5 38. Kxc4 Rf3 39. Rb7 Ka6 40. Rb2 Rxg3 41. Kc5 Rxh3 42. Ra2+ Kb7 43. Rb2+ Kc7 44. Ra2 Rh5+ 45. Kc4 Kb6 46. Rb2+ Kc6 47. Ra2 a5 48. Ra1 Rh4+ 49. Kb3 Kb5 50. Rd1 Rh3+ 51. Kb2 Kc4 52. Rc1+ Kb4 53. Rc7 Rh2+ 54. Kb1 f5 55. Rb7+ Kc3 56. Rc7+ Kd3 57. Ra7 f4 58. Rxa5 f3 59. Ra3+ Ke4 60. Ra4+ Ke3 61. Ra3+ Kf4 62. Ra4+ Kg3 63. Ra3 Kg2 64. Kc2 f2 65. Kc3 Rh3+ 66. Kb4 Rxa3 67. Kxa3 f1=Q 0-1

[Event "Preferente Aragonesa 2024 - Grupo I"]
[Site "?"]
[Date "2024.02.03"]
[Round "2.43"]
[White "Ayensa Garcia, Miguel Angel"]
[Black "Caballero Ortin, Jorge"]
[Result "1-0"]
[WhiteElo "1989"]
[BlackElo "1724"]
[PlyCount "105"]
[GameId "2166508118114473"]
[EventDate "2024.01.27"]
[WhiteTeam "L'Aurora Estadilla"]
[BlackTeam "Palacio De Pioneros B"]

1. c4 c6 2. g3 d5 3. Bg2 Nf6 4. Nf3 Bf5 5. cxd5 cxd5 6. O-O Nc6 7. d3 e6 8. a3 Be7 9. b4 a6 10. Bb2 O-O 11. Nbd2 h6 12. Rc1 Rc8 13. Nb3 Nd7 14. Nfd4 Nxd4 15. Nxd4 Rxc1 16. Qxc1 Bg6 17. Nb3 Qb8 18. Qa1 f6 19. Rc1 Rc8 20. Bh3 Bf7 21. Bd4 b6 22. Rc3 Rc7 23. Qc1 Bd6 24. Rxc7 Qxc7 25. Qxc7 Bxc7 26. Bb2 Kf8 27. a4 Ke7 28. Nd4 Kd6 29. Ba3 Nb8 30. b5+ Kd7 31. Bf8 g6 32. Bxh6 f5 33. g4 Ke7 34. gxf5 gxf5 35. Bg5+ Kd7 36. Bg2 Be5 37. Nf3 Bg7 38. Be3 Kc7 39. Bd4 Bxd4 40. Nxd4 axb5 41. Nxb5+ Kc6 42. d4 Na6 43. h4 Nc7 44. Nxc7 Kxc7 45. Bf3 Kb7 46. h5 Ka6 47. h6 Bg8 48. Bh5 Bh7 49. Kg2 Ka5 50. Be8 Kb4 51. Kf3 Kc3 52. e3 Kd3 53. Bd7 1-0

[Event "Preferente Aragonesa 2024 - Grupo I"]
[Site "?"]
[Date "2024.02.03"]
[Round "2.44"]
[White "Crespo Laborda, Alberto"]
[Black "Felez Casedas, Carlos"]
[Result "1/2-1/2"]
[WhiteElo "1633"]
[BlackElo "1963"]
[PlyCount "80"]
[GameId "2166508118216874"]
[EventDate "2024.01.27"]
[WhiteTeam "Palacio De Pioneros B"]
[BlackTeam "L'Aurora Estadilla"]

1. d4 d5 2. c4 e6 3. Nf3 Nf6 4. g3 c6 5. Bg2 Be7 6. O-O Nbd7 7. Qc2 Ne4 8. b3 O-O 9. Bb2 f5 10. e3 Ndf6 11. Nc3 Bd7 12. Ne5 Be8 13. c5 Nd7 14. Nxe4 fxe4 15. Nxd7 Qxd7 16. Qe2 Rf6 17. f3 Bh5 18. Rf2 Raf8 19. Raf1 exf3 20. Bxf3 Bxf3 21. Rxf3 Rxf3 22. Rxf3 Rxf3 23. Qxf3 Bg5 24. h4 Bh6 25. g4 g6 26. Bc3 Bf8 27. Qf4 a6 28. b4 Be7 29. Be1 Bf8 30. Bg3 Qf7 31. g5 Qxf4 32. Bxf4 Kf7 33. Kf2 Bg7 34. Kf3 Bf8 35. Ke2 Ke8 36. Kd3 Kd7 37. Kc3 Be7 38. Kb3 Bd8 39. Be5 b5 40. Kc3 Ke8 1/2-1/2